LDR 00849naa#a2200229#i#450# 001 EN\\bibl\125589 005 20260630050146.2 011 ## _a2077-7566 100 ## _a20260629b2026####ek#y0engy0150####ca 101 0# _aRUS 102 ## _aRU 200 1# _aCLINICAL EFFECTIVENESS OF THE USE OF AN INDIVIDUAL PROGRAMMABLE BITE BLOCK FOR THE PREVENTION OF EXACERBATION OF SYMPTOMS OF MUSCULAR-ARTICULAR DYSFUNCTION _eJournal article 210 1# _aEkaterinburg _cTIRAZH Publishing House _d2026 215 ## _a8 с. 608 ## _aJournal article _2local 675 ## _aСтоматология. Заболевания ротовой полости и зубов. 616.31 _zRUS 700 #1 _aNacharyan _gDmitry G. 700 #1 _aApresyan _gSamvel S. 700 #1 _aStepanov _gAlexander G. 700 #1 _aKopylov _gMaksim V. 700 #1 _aMoskovets _gOksana O. 856 4# _adental-press.ru _u